000 01252cam a2200133 4500500
005 20251214003232.0
041 _afre
042 _adc
100 1 0 _ada Silva Neves, Rui
_eauthor
245 0 0 _aPsychologie cognitive
260 _bArmand Colin,
_c2011.
520 _aNée dans les années 1950-1960 d’une pluralité d'influences, la psychologie cognitive, dont l'objectif est de comprendre les mécanismes de la pensée, a connu ces dernières années d’importants progrès dans la conception et la modélisation des processus par lesquels les représentations mentales sont construites, révisées et utilisées dans le cadre des diverses activités humaines « intelligentes ». Cet ouvrage présente un point de vue synthétique sur plusieurs modèles et résultats essentiels de la psychologie cognitive et aborde les thèmes de la mémoire, des représentations, et des activités mentales opérant sur ces représentations. Cette nouvelle édition, totalement refondue, approfondit le traitement de l’approche connexionniste et intègre un chapitre dédié à l’étude des interactions entre émotion et cognition.
856 4 1 _uhttps://shs.cairn.info/psychologie-cognitive--9782200270186?lang=fr&redirect-ssocas=7080
999 _c1567628
_d1567628